Регионална библиотека "Любен Каравелов" - Русе

Over Your Cities Grass Will Grow [DVD видео] (Запис номер 225990)

MARC детайли
000 -Лидер
Контролно поле с фиксирана дължина 01344njm a2200373 c 4500
003 - Код на организацията, давaща контролен номер
Контролно поле BLK
005 - Дата и час на последна редакция
Контролно поле 20240517110521.0
008 - Елементи от данни с фиксирана дължина
fixed length control field 180410b bul||n||s|||||||| n|bulo|
010 ## - Наследен системен номер
LC control number CDD00007170000
040 ## - Източник на каталожния запис
Идентификатор на билиотеката - собственик на записа BLK
041 ## - Код за език
Код за езика на текст/звукозапис или на отделно заглавие Немски
Код за езика КДБФ Немски
080 ## - УДК
Текстов определител УДК Изобразителни изкуства и художествени занаяти
УДК код - определител по УДК 73/76
УДК определител (430)(092)
УДК - код + определител 73/76(430)(092)
080 ## - УДК
Текстов определител УДК Немски художник, неоекспресионист
УДК код - определител по УДК 929 Кифер, Анселм
УДК - код + определител 929 Кифер, Анселм
245 10 - Сведения за заглавието
Заглавие Over Your Cities Grass Will Grow [DVD видео]
Подзаглавни данни Ein Film uber das Werk Anselm Kiefers
Редно поле (дума) reg. The snow geese Sophie.
257 ## - Страна на издаване
Страна на създаване/издаване Германия
260 ## - Област на издателските данни
Име на издателя, разпространителя и проч. Mindjazz Pictures
Година на издаване 2012
300 ## - Физическа характеристика
Страници 1 DVD
Илюстрации и др. PAL : цв.
306 ## - Продължителност на изпълнението
Времетраене 105мин.
380 ## - Жанр
Жанр Изкуство
600 14 - Име на лице, използвано като предмет
За него / За нея Кифер, Анселм
9 (RLIN) 351914
650 #4 - Допълнително описание по предмет – тема
Основно описание – тема или топоним Художници, немски
9 (RLIN) 282432
650 #4 - Допълнително описание по предмет – тема
Основно описание – тема или топоним Кифер, Анселм - биографии
9 (RLIN) 158666
653 ## - Ключова дума – ненормативна
Ключова дума немски художници
653 ## - Ключова дума – ненормативна
Ключова дума Анселм Кифер
700 1# - Други автори (авторска отговорност)
Лично име The snow geese Sophie
Автороска отговорност (Описва отношението между автора и произведението) reg.
9 (RLIN) 355367
760 1# - Описание на основната серия
Заглавие
852 ## - Местоположение
Форматна сигнатура Цб CD 3270
Част 0
856 4# - Електронен адрес и достъп
Електронен формат pdf - файл
Път до файла /url/
856 4# - Електронен адрес и достъп
Електронен формат pdf - файл
Път до файла /url/
942 ## - АРТИКУЛИ
Вид на библиотечния материал Компактдискове
Скрит в OPAC Не
944 ## - СЪЗДАВАНЕ И РЕДАКЦИЯ на ЗАПИСА
Създаване/Редакция Създаване
Дата на регистрацията/редакция 25.05.2011
Служител, извършил регистрацията/редакцията 30550
Статус, дата на статуса Кети Илиева
944 ## - СЪЗДАВАНЕ И РЕДАКЦИЯ на ЗАПИСА
Създаване/Редакция Редакция
Дата на регистрацията/редакция 18.12.2012
999 ## - СИСТЕМНИ КОНТРОЛНИ НОМЕРА
Koha biblionumber 225990
Koha biblioitemnumber 225990
999 ## - СИСТЕМНИ КОНТРОЛНИ НОМЕРА
Koha biblioitemnumber 225990
Наличности
Код за отписване Код за изгубен артикул Източник на класификационната схема Код за повреда Коз за рестрикции Код за отдаване Артикулен № Име на библиотеката - собственик Име на библиотеката, в която се намира в момента Статус (Текущо местоположение) Дата на вписване в системата Местоположение - отдел Цена в лева Инвентарен номер Систематично азбучна сигнатура Баркод Номер на екземпляра Цена в евро Служебна бележка Служебен тип на артикула
  Не е изгубен Universal Decimal Classification Не е повреден без рестрикции заемане за дома 398093 Регионална библиотека "Любен Каравелов" Русе Регионална библиотека "Любен Каравелов" Русе Отдел Изкуство - подръчен фонд 2000-01-01 Отдел Изкуство - подръчен фонд 8.00 120000907856 7/K 43 A 120000907856 1 4.09 Дост: DA Вид: А N: стар фонд Дата: 01.01.2000 Съставил: Теодора_Стоянова Компактдискове
Vip Innovations Ltd, Rousse, Bulgaria 2025